000 00887 a2200229 4500
005 20080901162356.0
008 080901t xxu||||| |||| 00| 0 eng d
010 _aENG-87484
020 _a8183600247
_c275.00
035 _aEN-71017
037 _bD.B.Act / Pub
082 _a621.402
100 _aMathur, M. L.
245 _aThermal science & engineering
_cby M. L. Mathur and F. S. Mehta
260 _aNew Delhi
_bJain Brothers
_c2007
270 _a16/873, East Park Road, Karol Bagh
_bNew Delhi
_e110005
_k011-23618426, 011-23619023
_mjain_bros@hotmail.com
300 _a462 p.
_c24 cm. (Pbk)
500 _aIncludes index
700 _aMehta, F. S.
942 _adpl
_cEN
_k621.402 / MAT
_2ddc
_h621.402
_mMAT
999 _c6574
_d6574